书目信息 |
| 题名: |
六位对数表
|
|
| 作者: | ||
| 分册: | ||
| 出版信息: | 北京 测绘出版社 1956 |
|
| 页数: | 594页 | |
| 开本: | 19cm | |
| 丛书名: | ||
| 单 册: | ||
| 中图分类: | O1-644 | |
| 科图分类: | ||
| 主题词: | 数学表-对数 , 对数-数学表 , 数学 | |
| 电子资源: | ||
| ISBN: | ||
| 000 | 00620nam0 2200241 45 | |
| 001 | 0176001770 | |
| 005 | 20060728150720.84 | |
| 010 | @b精装@dCNY4.80 | |
| 091 | @a15039.新31 | |
| 100 | @a19950927d1956 em y0chiy0121 ea | |
| 101 | 0 | @achi |
| 102 | @aCN@b110000 | |
| 105 | @ak o 000yy | |
| 200 | 10 | @a六位对数表@Aliu wei dui shu biao@F(de)C·bu lie mi ke er bian |
| 210 | @a北京@c测绘出版社@d1956 | |
| 215 | @a594页@d19cm | |
| 606 | @a数学表-对数 | |
| 606 | @a对数-数学表 | |
| 606 | 0 | @a数学 |
| 690 | @aO1-644 | |
| 801 | 0 | @aCN@b广东省中山图书馆@c20060728 |
| 801 | 2 | @aCN@bNLC@c20060531 |
| 905 | @dO1-644@e284 | |
| 六位对数表.-北京:测绘出版社,1956 |
| 594页;19cm |
| ISBN (精装):CNY4.80 |
| ● |
| 相关链接 |
|
|
|
|
正题名:六位对数表
索取号:O1-644/284
 
预约/预借
| 序号 | 登录号 | 条形码 | 馆藏地/架位号 | 状态 | 备注 |
| 1 | 0442732 | 204427325 | 密集书库/ [索取号:O1-644/284] | 在馆 |